00595nam a22001937a 450000500170000001000240001702000260004103500130006703500140008003700090009410000160010324500760011925000090019526000400020427000660024430000260031050000400033670000250037620241008115433.0 aB-745278 ENG-141952 a9789390315536c350.00 aB-745278 aEN-125484 bDBAD aAnand, Arun aRamjanmabhoomi:bTruth.Evidence.Faith/cBy Arun Anand [and] Vinay Nalwa a2020 aNew DelhibPrabhat Prakashan c2020 a4/19 Asaf Ali RoadbNew Delhie110002mprabhatbooks@gmail.com a167p.billc22cm(hbk) aContains Annexures and Bibliography aNalwa, VinayeAuthor